000 00626nam a2200205Ia 4500
003 IN-BaIIA
008 211028s9999 xx 000 0 eng d
040 _cIIA Library
080 _a535-1
_bSMI
100 _aSmith, R. A
_92244
245 4 _aThe detection and measurement of infra-red radiation
_cR. A. Smith, F. E. Jones, and R. P. Chasmar
260 _aOxford
_bThe Clarendon Press
_c1957
300 _a[various pagings.]
650 _aInfrared Radiation
_92895
650 _aLight-Visible Radiation
_92024
650 _aNASA Thesaurus
700 _aChasmar, R. P.
_93399
700 _aJones, F. E.
_93400
942 _cBK
999 _c1735
_d1735